[Event "Paul Keres Mem B"]
[Site "Tallinn EST"]
[Date "2005.09.03"]
[Round "8"]
[White "Lauk,U"]
[Black "Soskov,V"]
[Result "1/2-1/2"]
[WhiteElo "2368"]
[BlackElo "2257"]

1.e4 c5 2.Nf3 e6 3.d4 cxd4 4.Nxd4 Nc6 5.Nb5 d6 6.c4 Nf6 7.N1c3 a6 8.Na3 b6
9.Be2 Bb7 10.O-O Nb8 11.f3 Be7 12.Be3 Nbd7 13.Qd2 O-O 14.Rfd1 Qc7 15.Rac1 Rac8
16.Qe1 Qb8 17.Qg3 Rfe8 18.Bd4 Bd8 19.Nc2 Bc7 20.Qh4 d5 21.exd5 exd5 22.cxd5 Bf4
23.Bd3 Bxc1 24.Rxc1 Ne5 25.Bf5 Ng6 26.Bxg6 hxg6 27.Bxf6 gxf6 28.Ne4 Rxe4
29.Qxe4 Qc7 30.Qd4 Qd6 31.b3 a5 32.Qe3 Qxd5 33.Ne1 Rxc1 34.Qxc1 Qd4+ 35.Kh1 Qf2
36.Nc2 Ba6 37.h3 Bd3 38.Ne3 Qxa2 39.Qc3 Bf5 40.Nd5 Qc2 41.Nxf6+ Kf8 42.Nh7+ Ke8
43.Qe3+ Kd7 44.g4 Qd1+ 45.Kg2 Qc2+ 46.Kg3 Qc7+ 47.f4 Be6 48.Nf8+ Ke7 49.Nxe6 fxe6
50.Qd4 b5 51.Qg7+ Kd8 52.Qxg6 Qc3+ 53.Kh4 Qxb3 54.Qf6+ Ke8 55.g5 Qd5 56.Qh8+ Kf7
57.Qh7+ Ke8 58.Qg8+ Ke7 59.Qg7+ Ke8 60.Qc3 Qf5 61.Qc8+ Kf7 62.Qd7+ Kg6 63.Qe8+ Kg7
64.Qd7+ Kg6 65.Kg3 e5 66.Qd6+ Kf7 67.Qd5+ Kg7 68.Qb7+ Kg6 69.Qc6+ Kf7 70.Qd5+ Kg7
71.fxe5 Qxg5+ 72.Kh2 Qf4+ 73.Kg2 Qg5+ 74.Kh2 Qf4+ 75.Kg2 Qg5+ 76.Kh2 Qf4+
77.Kg2 Qg5+  1/2-1/2

[Event "ProMoPro Open"]
[Site "Prague CZE"]
[Date "2005.09.20"]
[Round "6"]
[White "Srba,M"]
[Black "Ruzyak,P"]
[Result "1-0"]
[WhiteElo "2222"]
[BlackElo "1913"]

1.e4 c5 2.Nf3 e6 3.d4 cxd4 4.Nxd4 Nc6 5.Nb5 d6 6.Bf4 e5 7.Bg3 Nf6 8.Bh4 Be7
9.Bxf6 gxf6 10.Bc4 a6 11.N5c3 b5 12.Bd5 Bd7 13.Qh5 Rf8 14.O-O Rc8 15.a4 Nd4
16.axb5 axb5 17.Nd2 b4 18.Nd1 Bb5 19.c4 bxc3 20.bxc3 Ne2+ 21.Kh1 Nf4 22.Qxh7 Bxf1
23.Nxf1 Nxd5 24.exd5 Qb6 25.Ng3 Qb5 26.Ne3 Rxc3 27.Ngf5 Rc7 28.h4 Kd7 29.Qg7 Qb2
30.Rf1 Rc1 31.Rxc1 Qxc1+ 32.Kh2 Qb1 33.h5 Qe4 34.h6 Qf4+ 35.Kh3 Qg5 36.g4 Qxg7
37.hxg7 Rg8 38.Nxe7 Rxg7 39.N7f5 Rg8 40.Nc4 Rc8 41.Nb6+  1-0

[Event "Jababeka Women"]
[Site "Jakarta INA"]
[Date "2005.10.26"]
[Round "10"]
[White "Lumongdong,L"]
[Black "Alexandria,N"]
[Result "0-1"]
[WhiteElo "2163"]
[BlackElo "2323"]

1.e4 c5 2.Nf3 e6 3.d4 cxd4 4.Nxd4 Nc6 5.Nb5 d6 6.c4 Nf6 7.N1c3 a6 8.Na3 Be7
9.Be2 b6 10.O-O Bb7 11.Be3 Ne5 12.f3 O-O 13.Rc1 Qc7 14.Qb3 Ned7 15.Rfd1 Rac8
16.Kh1 Qb8 17.Bf1 Bd8 18.Nc2 Bc7 19.Bg1 Kh8 20.Qa3 Rfe8 21.b4 Qa8 22.Qb3 Ne5
23.Ne3 g5 24.Qb2 Qb8 25.Na4 Kg8 26.Qd4 Nfd7 27.a3 Ba8 28.Nc3 h6 29.Qd2 Nf8
30.Nc2 Nfg6 31.Nd4 Bd8 32.Na4 Be7 33.Nb3 Nd7 34.Qf2 Bd8 35.c5 bxc5 36.Nbxc5 dxc5
37.Rxd7 Bc6 38.Nxc5 Bxd7 39.Nxd7 Qa8 40.Nc5 Bb6 41.Qb2 Qa7 42.Qf6 Rc7 43.Bd4 e5
44.Bf2 a5 45.Bb5 Ree7 46.Rd1 Rc8 47.Bc4 Kh7 48.Qf5 Rcc7 49.h4 gxh4 50.Bxh4 Bxc5
51.bxc5 Qxc5 52.Bxe7 Qxe7 53.Bd5 Kg7 54.a4 Qb4 55.Kh2 Qxa4 56.Rh1 Qd4 57.Kh3 Qf2
58.g3 Qd2 59.Kg4 a4 60.Rb1 Qa5 61.Rb8 Qa6 62.Ra8 Qb5 63.Rd8 Qb6 64.Ra8 Ra7
65.Rc8 Qf6 66.Qh5 a3 67.Rc2 Ne7 68.Ba2 Rb7 69.Rc3 Rb2 70.Bc4 a2 71.Ra3 Rc2
72.Bd3 Qe6+  0-1

[Event "TCh-CZE Extraliga 2005-6"]
[Site "Czech Rep CZE"]
[Date "2005.11.06"]
[Round "4"]
[White "Virostko,P"]
[Black "Cvek,R"]
[Result "0-1"]
[WhiteElo "2373"]
[BlackElo "2483"]

1.e4 c5 2.Nf3 Nc6 3.d4 cxd4 4.Nxd4 e6 5.Nb5 d6 6.c4 Nf6 7.N1c3 a6 8.Na3 Be7
9.Be2 O-O 10.O-O b6 11.Be3 Bb7 12.Qd2 Ne5 13.f3 Rc8 14.Rfd1 Ned7 15.Rac1 Qc7
16.Bf1 Qb8 17.Kh1 Rfe8 18.Nc2 Kh8 19.a3 Ne5 20.b3 Nfd7 21.a4 Nc5 22.Rb1 a5
23.Nd4 Red8 24.Qe1 Bf6 25.Qg3 Ng6 26.Bd3 Be5 27.Qe1 Qc7 28.Bc2 Qe7 29.Nde2 Bf6
30.Qf2 Ne5 31.Rd2 Nc6 32.Na2 Bg5 33.Rbd1 Bxe3 34.Qxe3 e5 35.Nac3 Nb4 36.Nd5 Bxd5
37.exd5 Nxc2 38.Rxc2 Re8 39.Ng3 g6 40.Ne4 f5 41.Nxc5 bxc5 42.Qc3 Ra8 43.Re2 Kg8
44.g3 Kf7 45.Rd3 Qf6 46.Rde3 g5 47.Re1 Rg8 48.R3e2 Rg6 49.Rf2 Ra7 50.Kg2 h5
51.h3 Ke7 52.Rfe2 Kd7 53.Rb1 Qd8 54.Qd3 Rf6 55.Qe3 Qg8 56.b4 axb4 57.Rxb4 f4
58.Qg1 g4 59.Rb3 gxf3+ 60.Rxf3 Rg6 61.Kh2 Rxg3 62.Rxg3 fxg3+ 63.Qxg3 Qxg3+
64.Kxg3 Rxa4 65.Re4 Ra3+ 66.Kg2 Ra8 67.Kg3 Rf8 68.Rh4 Rf5 69.Re4 Ke7 70.Rh4 Kf6
71.Re4 Rf1 72.Re2 Kf5 73.Kh4 Rf3 74.Rg2 e4 75.Rg5+ Kf4 76.Rg6 e3 77.Rf6+ Ke4
78.Rxd6 e2 79.Re6+ Kd3 80.d6 Kd2 81.Kxh5 e1=Q 82.Rxe1 Kxe1 83.Kg5 Rd3  0-1

[Event "TCh-BEL 2005-6"]
[Site "Belgium BEL"]
[Date "2005.11.20"]
[Round "4"]
[White "Schuermans,R"]
[Black "Kaufeld,J"]
[Result "0-1"]
[WhiteElo "2265"]
[BlackElo "2259"]

1.e4 c5 2.Nf3 e6 3.d4 cxd4 4.Nxd4 Nc6 5.Nb5 d6 6.Bf4 e5 7.Be3 a6 8.N5c3 Nf6
9.Bc4 Be6 10.Nd5 Nxe4 11.O-O Rc8 12.f4 Nd4 13.Bxd4 Rxc4 14.Bb6 Qc8 15.Na3 Rc6
16.Be3 Bxd5 17.Qxd5 Nf6 18.Qa5 Qc7 19.Qxc7 Rxc7 20.Rae1 Be7 21.Bd2 e4 22.c4 O-O
23.b4 a5 24.Nc2 Rxc4 25.Ne3 Rc7 26.g4 Re8 27.g5 Nd7 28.bxa5 Rc5 29.Rb1 Rb8
30.Bb4 Rc6 31.Nf5 Bf8 32.Rfd1 Nc5 33.Bxc5 dxc5 34.Rd7 c4 35.Ne7+ Bxe7 36.Rxe7 h6
37.Rxe4 c3 38.Re2 Ra8 39.Rc2 hxg5 40.fxg5 Rxa5 41.Rxb7 Rxg5+ 42.Kf2 Rh6 43.Ke3 Rh3+
44.Kf4 Rd5 45.Rc7 Rd2 46.R7xc3 Rhxh2 47.Rc8+ Kh7 48.Rxd2 Rxd2 49.Ra8 Kg6
50.a4 Rf2+ 51.Kg3 Ra2 52.Kf4 f6 53.Ra7 Kh6 54.a5 g5+ 55.Kg4 Kg6 56.Ra6 Ra3  0-1

[Event "TCh-HUN 2005-6"]
[Site "Hungary HUN"]
[Date "2005.12.04"]
[Round "5"]
[White "Valko,K"]
[Black "Gyorkos,L"]
[Result "1/2-1/2"]
[WhiteElo "2251"]
[BlackElo "2424"]

1.e4 c5 2.Nf3 e6 3.d4 cxd4 4.Nxd4 Nc6 5.Nb5 d6 6.c4 Nf6 7.N1c3 a6 8.Na3 Be7
9.Be2 O-O 10.O-O b6 11.Be3 Ne5 12.f3 Bb7 13.Qd4 Ned7 14.Rfd1 Re8 15.Bf1 Qc7
16.Rac1 Rac8 17.Qd2 Qb8 18.Bf4 Ne5 19.Kh1 h6 20.Qd4 Nfd7 21.Bxe5 Nxe5 22.Qxb6 g5
23.Qd4  1/2-1/2

[Event "IX Mirko Srajber mem"]
[Site "Subotica SCG"]
[Date "2005.12.05"]
[Round "5"]
[White "Lupulescu,C"]
[Black "Cornette,M"]
[Result "1/2-1/2"]
[WhiteElo "2528"]
[BlackElo "2418"]

1.e4 c5 2.Nf3 e6 3.d4 cxd4 4.Nxd4 Nc6 5.Nb5 d6 6.c4 Nf6 7.N1c3 a6 8.Na3 Be7
9.Be2 b6 10.O-O Bb7 11.Be3 Ne5 12.f3 O-O 13.Rc1 Qc7 14.Qd4 Ned7 15.Qd2 Rac8
16.Rfd1 Rfe8 17.Kh1 Qb8 18.Bf1 Kh8 19.Qf2 Bd8 20.Bd4 Bc7 21.Qg1 Kg8 22.b4 Nh5
23.Nc2 h6 24.a4 Nhf6 25.Na1 d5 26.exd5 exd5 27.Nxd5 Nxd5 28.cxd5 Bf4 29.Rxc8 Qxc8
30.b5 a5 31.Bd3  1/2-1/2

[Event "14th Donau Open"]
[Site "Aschach AUT"]
[Date "2005.12.30"]
[Round "6"]
[White "Sandhoefner,F"]
[Black "Jurek,J"]
[Result "0-1"]
[WhiteElo "2285"]
[BlackElo "2373"]

1.e4 c5 2.Nf3 e6 3.d4 cxd4 4.Nxd4 Nc6 5.Nb5 d6 6.c4 a6 7.N5a3 Nf6 8.Nc3 b6
9.Be2 Bb7 10.Be3 Nb8 11.f3 Nbd7 12.O-O Be7 13.Rc1 O-O 14.Qd2 Rc8 15.Rfd1 Qc7
16.Bf1 Qb8 17.Qf2 Bd8 18.g3 Re8 19.Bg2 Bc6 20.Qe2 Be7 21.Nc2 Bb7 22.f4 Qa8
23.Bf2 Nc5 24.Ne1 Nfxe4 25.Nxe4 Bxe4 26.Bxc5 Bxg2 27.Bxd6 Bxd6 28.Rxd6 Qb8
29.Rd2 Bd5 30.Rdc2 Bb7 31.c5 bxc5 32.Rxc5 Rxc5 33.Rxc5 Qd6 34.Qe3 Qb6 35.b3 Rd8
36.Kf2 Qb4 37.Rc2 g6 38.Qe2 Qd4+ 39.Qe3 Qd5 40.Qf3 Qb5 41.Qe2 Qb4 42.Nf3 Bxf3
43.Qxf3 Qd4+ 44.Kg2 h5 45.Qe2 h4 46.Qc4 Qd1 47.Qe2 Qd5+ 48.Kg1 h3 49.Kf2 Qh1
50.Ke3 a5 51.Qc4 Qd1 52.Qe2 Qd4+ 53.Kf3 Qd5+ 54.Ke3 e5 55.fxe5 Qxe5+ 56.Kf2 Qd5
57.Qf3 Qd4+ 58.Qe3 Qd1 59.Qc1 Qd5 60.Kg1 Qf3  0-1

[Event "Keres Mem Rapid Women"]
[Site "Tallinn EST"]
[Date "2006.01.08"]
[Round "6"]
[White "Ciuksyte,D"]
[Black "Cramling,P"]
[Result "1-0"]
[WhiteElo "2370"]
[BlackElo "2492"]

1.e4 c5 2.Nf3 e6 3.d4 cxd4 4.Nxd4 Nc6 5.Nb5 d6 6.c4 Nf6 7.N1c3 a6 8.Na3 Be7
9.Be2 b6 10.O-O Ne5 11.Be3 O-O 12.Qb3 Ned7 13.Rfd1 Qc7 14.Rd2 Nc5 15.Qc2 Bb7
16.f3 Rac8 17.Rc1 Qb8 18.Qd1 Ncd7 19.Kh1 Rfe8 20.Qg1 Ba8 21.Nc2 Ne5 22.Qf1 h6
23.Nd4 Bf8 24.a3 Bb7 25.b4 Qa8 26.Nb3 d5 27.exd5 exd5 28.cxd5 Rxc3 29.Rxc3 Nxd5
30.Rxd5 Bxd5 31.Bxb6 Ng6 32.Bc4 Nf4 33.Bf2 Qc8 34.Nc5 Bxc5 35.Bxd5 Nxd5 36.Rxc5 Qe6
37.h3 Nf4 38.Qc4 Qf6 39.Rc8 Rxc8 40.Qxc8+ Kh7 41.Qc2+ Kg8 42.Qc8+ Kh7 43.Kh2 h5
44.h4 Qg6 45.g3 Nd3 46.Bd4 Ne1 47.Qc3 Qb1 48.Bxg7 Qd1 49.g4 Nxf3+ 50.Kg3 hxg4
51.Bh8 Qd6+ 52.Kxg4 Nh2+ 53.Kh3 Kg6 54.Qg7+ Kf5 55.Qg5+ Ke4 56.Qg2+ Nf3 57.Qc2+ Ke3
58.Qc5+ Qxc5 59.bxc5 Ng1+ 60.Kg4 Ke4 61.c6 f5+ 62.Kg3 f4+ 63.Kf2 Nh3+ 64.Kg2 f3+
65.Kxh3 Ke3 66.c7 f2 67.Bd4+ Kxd4 68.Kg2 Ke3 69.Kf1  1-0

[Event "Gibtelecom Masters"]
[Site "Gibraltar ENG"]
[Date "2006.01.25"]
[Round "2"]
[White "Sandipan,C"]
[Black "Kobalia,M"]
[Result "1/2-1/2"]
[WhiteElo "2522"]
[BlackElo "2654"]

1.e4 c5 2.Nf3 e6 3.d4 cxd4 4.Nxd4 Nc6 5.Nb5 d6 6.c4 Nf6 7.N1c3 a6 8.Na3 b6
9.Be2 Bb7 10.Be3 Ne5 11.f3 Ned7 12.O-O Be7 13.Qd2 O-O 14.Rfd1 Qc7 15.Rac1 Rac8
16.Kh1 Qb8 17.Bf1 Rfe8 18.Nc2 h6 19.b3 Ba8 20.Ne1 Bb7 21.Qf2 Ba8 22.a4 Kh8
23.Qd2 Bb7 24.Rb1 Kg8 25.Qf2 d5 26.exd5 exd5 27.Nxd5 Nxd5 28.cxd5 Bd6 29.Rbc1 Rxc1
30.Bxc1 Nc5 31.Nd3 Bxd5 32.Nxc5 Bxc5 33.Qc2 Qa8 34.Qd3 Be6 35.Bf4 a5 36.Qc2 Rc8
37.Qb2 Rd8 38.Qc2 Qc8 39.Bd3 Bb4 40.Qb1 Kh8 41.Rc1 Qd7 42.Rd1 Bc5 43.Bc2 Qe7
44.Rxd8+ Qxd8 45.Qd1 Qxd1+ 46.Bxd1 Kg8 47.g4 Kf8 48.Kg2 Ke7 49.Kf1 g5 50.Be5 f6
51.Bc3 Bf7 52.Bc2 h5 53.h3 hxg4  1/2-1/2

[Event "3rd ch-Mediterranean"]
[Site "Antalya TUR"]
[Date "2006.02.03"]
[Round "4"]
[White "Simeonidis,I"]
[Black "Sulypa,A"]
[Result "1/2-1/2"]
[WhiteElo "2261"]
[BlackElo "2479"]

1.e4 c5 2.Nf3 e6 3.d4 cxd4 4.Nxd4 Nc6 5.Nb5 d6 6.c4 Nf6 7.N1c3 a6 8.Na3 Be7
9.Be2 O-O 10.O-O b6 11.Be3 Qc7 12.Rc1 Ne5 13.Kh1 Bb7 14.f3 Rab8 15.Qe1 Ba8
16.Qf2 Rfd8 17.Rfd1 Qb7 18.Nab1 Rdc8 19.b3 Ned7 20.Bf1 Rd8 21.Qb2 Rbc8 22.Rc2 Qb8
23.Rcd2 Bc6 24.a4 Ba8 25.Na3 Ne5 26.Nc2 Nc6 27.b4 Ne8 28.Qb3 Bf6 29.Nb1 a5
30.bxa5 bxa5 31.Qxb8 Rxb8 32.Nba3 Nb4 33.Nd4 Na6 34.Ndb5 Be7 35.Ba7 Rbc8
36.Bb6 Rd7 37.e5 d5 38.cxd5 Rxd5 39.Nc4  1/2-1/2

[Event "ch-CUB sf"]
[Site "Santa Clara CUB"]
[Date "2006.02.09"]
[Round "5"]
[White "Obregon Rivero,J"]
[Black "Hernandez,Hold"]
[Result "0-1"]
[WhiteElo "2236"]
[BlackElo "2499"]

1.e4 c5 2.Nf3 Nc6 3.d4 cxd4 4.Nxd4 e6 5.Nb5 d6 6.c4 Nf6 7.N1c3 a6 8.Na3 Be7
9.Be2 O-O 10.O-O Qc7 11.Be3 b6 12.Rc1 Ne5 13.f3 Bb7 14.Na4 Ned7 15.b4 Qd8
16.Qd4 a5 17.b5 d5 18.Nb1 e5 19.Qd2 dxe4 20.Rfd1 exf3 21.gxf3 Qc7 22.Nbc3 Nc5
23.Nd5 Bxd5 24.cxd5 Bd6 25.Bxc5 bxc5 26.b6 Qe7 27.Qe3 Rab8 28.Bb5 e4 29.Bc6 Qe5
30.Rc2 Qh5 31.Rf1 Nxd5 32.Bxd5 Qxd5 33.Qxe4 Qh5 34.f4 Rfe8 35.Qf3 Qf5 36.Qc3 Bxf4
37.Rcf2 Qg4+ 38.Rg2 Be3+ 39.Kh1 Qd4 40.Qc2 g6 41.Rb1 Qe4 42.b7 Bd4 43.Qxe4 Rxe4
44.Rc2 Re5 45.Rb5 c4 46.Rxe5 Bxe5 47.Nc5 c3 48.Nd7 Rxb7 49.Nxe5 Rb1+ 50.Kg2 Rb2
51.Rf2 c2 52.Nd3 Rxa2 53.Re2 a4 54.Kf2 a3 55.Re8+ Kg7 56.Ke3 Ra1 57.Ra8 Rd1  0-1

[Event "Breizh Masters Women"]
[Site "Guingamp FRA"]
[Date "2006.02.28"]
[Round "3"]
[White "Chulivska,V"]
[Black "Le Diouron,A"]
[Result "1-0"]
[WhiteElo "2279"]
[BlackElo "1983"]

1.e4 c5 2.Nf3 e6 3.d4 cxd4 4.Nxd4 Nc6 5.Nb5 d6 6.c4 a6 7.N5a3 Nf6 8.Nc3 Be7
9.Be2 O-O 10.Be3 b6 11.O-O Bb7 12.f3 Qc7 13.Qe1 Rfd8 14.Qf2 Nd7 15.Rac1 Bf6
16.Rfd1 Nc5 17.Bf1 Qe7 18.Nab1 Bg5 19.f4 Bf6 20.g3 Rac8 21.Bg2 Nb4 22.Qe2 Nc6
23.b3 Qc7 24.Rd2 Qb8 25.Qd1 Ba8 26.Bf2 b5 27.cxb5 axb5 28.e5 Be7 29.exd6 Bxd6
30.Nxb5 Bxf4 31.gxf4 Rxd2 32.Qxd2 Nxb3 33.axb3 Qxb5 34.Qd7  1-0

[Event "1st ONGC Cup"]
[Site "Hyderabad IND"]
[Date "2006.03.05"]
[Round "10"]
[White "Singh,DP"]
[Black "Fominyh,A"]
[Result "1-0"]
[WhiteElo "2395"]
[BlackElo "2518"]

1.e4 c5 2.Nf3 Nc6 3.d4 cxd4 4.Nxd4 e6 5.Nb5 d6 6.c4 Nf6 7.N1c3 a6 8.Na3 Be7
9.Be2 b6 10.Be3 Ne5 11.f4 Ned7 12.O-O Bb7 13.Bf3 O-O 14.Re1 Qc7 15.Rc1 Rac8
16.Qc2 Qb8 17.Rcd1 Rfe8 18.g4 h6 19.h4 Nh7 20.g5 hxg5 21.hxg5 e5 22.g6 fxg6
23.Bg4 Nhf8 24.Rf1 Bf6 25.f5 Qc7 26.Nd5 Bxd5 27.Rxd5 gxf5 28.Bxf5 Ne6 29.Qg2 Rcd8
30.Bg6 Re7 31.b4 Ndf8 32.Bh5 Nf4 33.Bxf4 exf4 34.Rxf4 Be5 35.Rf5 g6 36.Bxg6 Nxg6
37.Rg5 Rg7 38.Rxg6 Rd7 39.Kf1 Bb2 40.c5 Bxa3 41.Rdxd6 Bxb4 42.e5 Rxg6 43.Qxg6+  1-0

[Event "ch-BLR"]
[Site "Minsk BLR"]
[Date "2006.03.08"]
[Round "5"]
[White "Kasparov,S"]
[Black "Teterev,V"]
[Result "1-0"]
[WhiteElo "2491"]
[BlackElo "2507"]

1.e4 c5 2.Nf3 e6 3.d4 cxd4 4.Nxd4 Nc6 5.Nb5 d6 6.Bf4 e5 7.Be3 Be6 8.Nd2 Nf6
9.Bg5 Be7 10.Bxf6 Bxf6 11.Nc4 O-O 12.Qxd6 Qc8 13.Qc7 Nd4 14.Nca3 a6 15.Qxc8 Raxc8
16.Nxd4 exd4 17.Bd3 Be7 18.Nb1 f5 19.Nd2 Bb4 20.f3 Rc7 21.a3 Bd6 22.exf5 Bxf5
23.Ne4 Bf4 24.O-O Be3+ 25.Kh1 Rc6 26.Rae1 Be6 27.Re2 Rfc8 28.h3 h6 29.Rd1 Rb6
30.b3 Bd5 31.Nd2 Rbc6 32.Bc4 Bxc4 33.Nxc4 b5 34.Nxe3 dxe3 35.Rxe3 Rxc2 36.Rd6 R8c6
37.Rxc6 Rxc6 38.Kh2 Kf7 39.h4 h5 40.Kg3 Rc2 41.Kh3 Kf6 42.g4 Ra2 43.b4 g6
44.Rc3 hxg4+ 45.fxg4 Kg7 46.Kg3 Ra1 47.Kf4  1-0

[Event "TCh-BEL 2005-6"]
[Site "Belgium BEL"]
[Date "2006.03.26"]
[Round "11"]
[White "Vandersmissen,M"]
[Black "Pucher,O"]
[Result "0-1"]
[WhiteElo "2172"]
[BlackElo "2279"]

1.e4 c5 2.Nf3 e6 3.d4 cxd4 4.Nxd4 Nc6 5.Nb5 d6 6.Bf4 e5 7.Be3 a6 8.N5c3 Be6
9.Na3 Rb8 10.Nd5 Bxd5 11.exd5 Nce7 12.c3 Nf6 13.c4 Nf5 14.Bg5 Qb6 15.Qa4+ Nd7
16.Bd3 Qxb2 17.O-O Nd4 18.Qa5 Be7 19.Bxe7 Kxe7 20.Rab1 b6 21.Rxb2 bxa5 22.Rd2 Nc5
23.Rfd1 Rb4 24.Bf1 Rhb8 25.Nc2 Nxc2 26.Rxc2 a4 27.g3 Rb2 28.Rdc1 a3 29.Rc3 Rxa2
30.Rf3 Rbb2 31.Rcc3 Rxf2 32.Rxf2 Rxf2 33.Rxa3 Rb2 34.Bh3 g6 35.Bc8 Rb8 36.Bg4 f5
37.Be2 Rb3 38.Ra5 Kd8 39.Kf2 Kc7 40.Ra2 Kb6  0-1

[Event "ch-ARG s/f"]
[Site "Buenos Aires ARG"]
[Date "2006.03.26"]
[Round "7"]
[White "Alonso,S"]
[Black "Lafuente,P"]
[Result "1/2-1/2"]
[WhiteElo "2460"]
[BlackElo "2408"]

1.e4 c5 2.Nf3 e6 3.d4 cxd4 4.Nxd4 Nc6 5.Nb5 d6 6.Bf4 e5 7.Be3 a6 8.N5c3 Nf6
9.Nd2 Be6 10.Bg5 Rc8 11.Nc4 Nd4 12.Ne3 Rxc3 13.bxc3 Qa5 14.Bd3 Qxc3+ 15.Kf1 Nd7
16.Qe1 Qa3 17.Nd1 Nc5 18.Qc3 Qa4 19.Qb2 Be7 20.Nc3 Qc6 21.Be3 f5 22.exf5 Nxf5
23.Bxf5 Bxf5 24.Rd1 O-O 25.Nd5 Bd8 26.Kg1 Kh8 27.Bxc5 Qxc5 28.Ne3 Bb6 29.h4 Be6
30.c4 Qc6 31.h5 Bc5 32.h6 Qe4 33.Qe2 Rf6 34.hxg7+ Kxg7 35.Qd3 Qxd3 36.Rxd3 b5
37.cxb5 axb5 38.a3 Rf4 39.g3 Ra4 40.g4 Rxa3 41.Rxa3 Bxa3 42.Kg2 Bc5 43.Nf5+ Bxf5
44.gxf5 Kf6 45.Rh5 b4 46.Kf3 b3 47.Rxh7 b2 48.Rb7 Bd4 49.Ke4 d5+ 50.Kxd5 Kxf5
51.Rb3 Kf4 52.f3 Kf5 53.Rb7  1/2-1/2

[Event "FSIM April"]
[Site "Budapest HUN"]
[Date "2006.04.05"]
[Round "5"]
[White "Lengyel,B"]
[Black "Sanches,C"]
[Result "1-0"]
[WhiteElo "2291"]
[BlackElo "2169"]

1.e4 c5 2.Nf3 e6 3.d4 cxd4 4.Nxd4 Nc6 5.Nb5 d6 6.c4 Nf6 7.N1c3 a6 8.Na3 Be7
9.Be2 O-O 10.O-O b6 11.Be3 Bb7 12.Qb3 Nd7 13.Rfd1 Nc5 14.Qc2 Bf6 15.f3 Qe7
16.Qd2 Rfd8 17.Nc2 a5 18.Nd4 Nxd4 19.Bxd4 Bxd4+ 20.Qxd4 e5 21.Qe3 Bc6 22.Rd2 Rab8
23.Rad1 Rd7 24.f4 f6 25.f5 Qf8 26.b3 Kf7 27.Rb1 Qc8 28.Bd1 Qb7 29.Bc2 b5
30.cxb5 Bxb5 31.a3 Qc6 32.b4 axb4 33.axb4 Na6 34.Bb3+ Kf8 35.Bd5 Qc7 36.Be6 Re7
37.Nd5 Qa7 38.Kf2 Qxe3+ 39.Kxe3 Reb7 40.Rc1 Bd7 41.Rdc2 Nxb4 42.Nxb4 Bxe6
43.Na6 Bb3 44.Rc6 Rd8 45.Nc7 Bf7 46.Nd5 Bxd5 47.exd5 Rdd7 48.Rc8+ Kf7 49.R1c6 Rb3+
50.Kf2 Rd3 51.R6c7 Ke7 52.Rxd7+ Kxd7 53.Rg8 Rxd5 54.Rxg7+ Kc6 55.Rxh7 Rd4
56.g3 Kd5 57.Kf3 Rd3+ 58.Kg4 Rd4+ 59.Kh5 Ke4 60.Kg6 Kf3 61.Kxf6 e4 62.Re7 e3
63.Kg6 Rg4+ 64.Kh7 Rg5 65.f6 d5 66.f7 Rf5 67.Kg6 Rxf7 68.Rxf7+ Ke2 69.Rd7  1-0

[Event "32nd ch-IND w"]
[Site "Visakhapatnam IND"]
[Date "2006.04.09"]
[Round "8"]
[White "Kiran,M"]
[Black "Kavitha,J"]
[Result "1/2-1/2"]
[WhiteElo "2096"]
[BlackElo "2126"]

1.e4 c5 2.Nf3 e6 3.d4 cxd4 4.Nxd4 Nc6 5.Nb5 d6 6.Bf4 e5 7.Be3 a6 8.N5c3 Nf6
9.Bg5 Be6 10.Nd2 Be7 11.Bxf6 Bxf6 12.Nc4 Be7 13.Ne3 Bg5 14.Ncd5 Bxe3 15.Nxe3 Ne7
16.Bc4 Qc7 17.Bb3 O-O 18.O-O Ng6 19.Qd2 Qe7 20.Rad1 Rad8 21.f3 Kh8 22.Rf2 Qg5
23.Nc4 Nf4 24.Nxd6 Kg8 25.Kh1 Qe7 26.Qb4 Rd7 27.Rfd2 Rfd8 28.Qb6 Bxb3 29.axb3 Ne6
30.Nf5 Qe8 31.Rxd7 Rxd7 32.Rxd7 Qxd7 33.Qd6 Qxd6 34.Nxd6 b5 35.Nf5 g6 36.Ne3 Nd4
37.Kg1 Kf8 38.b4 Ke7 39.Kf2 Kd6 40.c3 Nc6 41.Ke2 Nd8 42.Nd1 Ne6 43.g3 Nc7
44.Nf2 Ne6 45.Ng4 h5 46.Nf2 Nf8 47.Nd3 Nd7 48.b3 Kc6 49.Ke3 f6 50.f4 g5 51.h3 Kd6
52.Kf3 Ke6 53.fxg5 fxg5 54.g4 h4 55.Ke3 Kd6 56.Ke2 Nf8 57.Kf3 Ne6 58.Ke3 Nd8
59.Ne1 Ke6 60.c4 Nc6 61.Nc2 Kd7 62.Kd3 Nd8 63.Ne3 Ne6 64.Nd5 Kd6 65.Kc3 Kc6
66.Ne7+ Kd7 67.Ng6 Kd6 68.c5+ Kc7 69.Kd3 a5 70.Nxe5 axb4 71.Nf3 Nxc5+ 72.Ke3 Nxb3
73.Nxg5 Nc5 74.Kd4 b3 75.Kc3 Kd6 76.Kb2 Ke7 77.e5 Nd3+ 78.Kxb3 Nxe5 79.Kb4 Nd3+
80.Kxb5 Nf2 81.Nf3 Nxh3 82.Nxh4 Kf6 83.Nf3 Nf2 84.g5+ Kg6 85.Kc4 Nh3 86.Kd4 Nxg5
87.Nxg5 Kxg5  1/2-1/2

[Event "XXIV Open"]
[Site "Metz FRA"]
[Date "2006.04.26"]
[Round "5"]
[White "Bruned,Y"]
[Black "Gorse,G"]
[Result "1-0"]
[WhiteElo "2325"]
[BlackElo "2049"]

1.e4 c5 2.Nf3 e6 3.d4 cxd4 4.Nxd4 Nc6 5.Nb5 d6 6.Bf4 e5 7.Be3 Be6 8.Nd2 Nf6
9.Bg5 Be7 10.Bxf6 Bxf6 11.Nc4 O-O 12.Qxd6 Qc8 13.Qd2 Rd8 14.Qc3 Be7 15.a3 Nd4
16.Ne3 Qd7 17.O-O-O Rac8 18.Qd3 Bg5 19.Nc3 Bc4 20.Qd2 Bb3 21.Bd3 a6 22.Qe1 Be6
23.Kb1 Bxe3 24.fxe3 Nc6 25.Bxa6 Qe7 26.Rxd8+ Rxd8 27.Bd3 Qf6 28.Qe2 Ra8 29.Bb5 Ra5
30.Rd1 h6 31.Qd3 Kh7 32.Kc1 Na7 33.Ba4 Nc6 34.Nd5 Bxd5 35.exd5+ g6  1-0

[Event "4th TCh-SCG"]
[Site "Vrnjacka Banja SCG"]
[Date "2006.05.01"]
[Round "1"]
[White "Somborski,N"]
[Black "Ivanisevic,I"]
[Result "1/2-1/2"]
[WhiteElo "2410"]
[BlackElo "2598"]

1.e4 c5 2.Nf3 e6 3.d4 cxd4 4.Nxd4 Nc6 5.Nb5 d6 6.c4 Nf6 7.N1c3 a6 8.Na3 Be7
9.Be2 b6 10.O-O Bb7 11.Be3 O-O 12.Qb3 Nd7 13.Rfd1 Nc5 14.Qc2 Rc8 15.Qd2 Qc7
16.Rac1 Qb8 17.f3 Rfe8 18.Bf1 Ba8 19.Nc2 Ne5 20.Nd4 Ncd7 21.b3 Bd8 22.Kh1 Bc7
23.a4 h6 24.Bg1 Nf6 25.Re1 Bb7 26.Rcd1 Qa8 27.Qb2 h5 28.Be3 Ng6 29.Bg5 Nh7
30.Bc1 h4 31.f4 h3 32.g3 Nf6 33.Bxh3 Nxe4 34.Nxe4 e5 35.Bg2 exd4 36.Ng5 b5
37.cxb5 axb5 38.Bxb7 Qxb7+ 39.Qg2 Qxg2+ 40.Kxg2 Rxe1 41.Rxe1 Ba5 42.Rd1 Rc2+
43.Kf3 bxa4 44.bxa4 d5 45.Kg4 Ne7 46.Nf3 Bc3 47.Ba3 Nc6 48.Bc5 Ra2 49.Bxd4 Nxd4
50.Nxd4 Rxa4 51.Ne2 d4 52.Nxc3 dxc3 53.Rc1 Rc4 54.Kf3 Kh7 55.Ke3 Kg6 56.Kd3 Rc8
57.Rxc3 Rxc3+ 58.Kxc3 Kf5 59.Kd4  1/2-1/2

[Event "FSIMA May"]
[Site "Budapest HUN"]
[Date "2006.05.09"]
[Round "4"]
[White "Kayar,E"]
[Black "Bednay,B"]
[Result "0-1"]
[WhiteElo "2191"]
[BlackElo "2169"]

1.e4 c5 2.Nf3 e6 3.d4 cxd4 4.Nxd4 Nc6 5.Nb5 d6 6.c4 Nf6 7.N1c3 a6 8.Na3 Be7
9.Be2 O-O 10.O-O Qc7 11.b3 Ne5 12.Bb2 Rd8 13.Nc2 b6 14.Ne3 Bb7 15.f4 Qc5
16.Qd2 Neg4 17.Bxg4 Nxg4 18.Rae1 Nxe3 19.Rxe3 d5 20.cxd5 Qxe3+ 21.Qxe3 Bc5
22.Qxc5 bxc5 23.dxe6 fxe6 24.Rf2 Rd4 25.Re2 c4 26.b4 Bc6 27.Kf2 Rd3 28.Rc2 Rb8
29.a3 a5 30.bxa5 Rxb2 31.Rxb2 Rxc3 32.Rb4 Bxe4 33.a4 Bd5 34.a6 Rb3 35.Rb5 Bc6
36.Rc5 Rb2+ 37.Ke3 Bxg2 38.a7 Ra2 39.Rc8+ Kf7 40.a8=Q Bxa8 41.Rxa8 c3 42.a5 Rxh2
43.a6 Ra2 44.Kd3 c2 45.Kd2 Kg6 46.a7 h6 47.Kc1 Kh5 48.Kd2 Kg4 49.Kc1 h5 50.Kd2 h4
51.Kc1 h3 52.Kd2 Kg3 53.f5 exf5  0-1

[Event "ch-FIN"]
[Site "Helsinki FIN"]
[Date "2006.06.12"]
[Round "3"]
[White "Nouro,M"]
[Black "Karttunen,M"]
[Result "0-1"]
[WhiteElo "2362"]
[BlackElo "2431"]

1.e4 c5 2.Nf3 e6 3.d4 cxd4 4.Nxd4 Nc6 5.Nb5 d6 6.c4 Nf6 7.N1c3 a6 8.Na3 b6
9.Be2 Bb7 10.f4 d5 11.cxd5 exd5 12.e5 d4 13.exf6 dxc3 14.Qxd8+ Rxd8 15.bxc3 gxf6
16.Nc2 Ne7 17.Ne3 Rg8 18.Rb1 Nd5 19.Nxd5 Bxd5 20.Be3 b5 21.Rg1 Rd6 22.a4 bxa4
23.Rb8+ Kd7 24.c4 Re6 25.cxd5 Rxe3 26.Kd2 Rb3 27.Rxb3 axb3 28.Rb1 Rxg2 29.Rxb3 Bd6
30.Rh3 Bxf4+ 31.Ke1 h6 32.Bxa6 Kd6 33.Be2 Rg1+ 34.Kf2 Ra1 35.Rh4 Bd2 36.Rd4 Ra2
37.Rd3 f5 38.Kf3 f6 39.Bf1 f4 40.Be2 Be3 41.Rd1 Bd2 42.Bc4 Ra3+ 43.Ke4 Be3
44.Be2 Ra2 45.Kf3 f5 46.Rd3 h5 47.Rc3 Bc5 48.Rd3 h4 49.h3 Rb2 50.Rd1 Be3
51.Rd3 Rb8 52.Bf1 Rb1 53.Kg2 Ra1 54.Be2 Rg1+ 55.Kh2 Rg3 56.Bf1 Bg1+ 57.Kh1 f3
58.Rd1 Be3 59.Kh2 f4 60.Rd3 f2 61.Bg2 f3 62.Bf1 Bf4 63.Rd4 Rg2+  0-1

[Event "10th Heraclion Open"]
[Site "Athens GRE"]
[Date "2006.06.15"]
[Round "6"]
[White "Simeonidis,I"]
[Black "Paganoglou,A"]
[Result "1-0"]
[WhiteElo "2307"]
[BlackElo "1943"]

1.e4 c5 2.Nf3 e6 3.d4 cxd4 4.Nxd4 Nc6 5.Nb5 d6 6.c4 Nf6 7.N1c3 a6 8.Na3 b6
9.Be2 Bb7 10.O-O Be7 11.Be3 O-O 12.Qd2 Nd7 13.Rac1 Nc5 14.Nc2 Bf6 15.f3 Qc7
16.Rfd1 Be7 17.Bf1 Ne5 18.Nd4 Rfd8 19.Kh1 Rac8 20.Qf2 Qb8 21.b4 Ncd7 22.Na4 d5
23.exd5 exd5 24.c5 b5 25.Nc3 Nc4 26.Nf5 Qe5 27.Nxd5 Bxd5 28.Rxd5 Qe6 29.Bxc4 bxc4
30.Rcd1 Bf6 31.Nd6 Rc7 32.Nxc4  1-0

[Event "Open A"]
[Site "Balatonlelle HUN"]
[Date "2006.06.17"]
[Round "1"]
[White "Gergacz,A"]
[Black "Szabo,Kr1"]
[Result "1/2-1/2"]
[WhiteElo "2210"]
[BlackElo "2469"]

1.e4 c5 2.Nf3 e6 3.d4 cxd4 4.Nxd4 Nc6 5.Nb5 d6 6.Bf4 e5 7.Be3 a6 8.N5c3 Nf6
9.Bc4 Be7 10.O-O O-O 11.Nd2 b5 12.Bd5 Bd7 13.a4 b4 14.Ne2 Nxd5 15.exd5 Na5
16.f4 f5 17.c4 bxc3 18.Nxc3 Rb8 19.Rb1 Rb4 20.b3 exf4 21.Bxf4 Bg5 22.Ne2 Bxf4
23.Rxf4 Qb6+ 24.Kh1 Rb8 25.Qg1 Rxf4 26.Qxb6 Rxb6 27.Nxf4 Rb4 28.Ne2 Bc8 29.Rf1 Bb7
30.Rf4 Rxf4 31.Nxf4 Bc8 32.b4 Nb7 33.Ne2 Kf7 34.g3 Ke7 35.Kg2 Nd8 36.Nc3 Nf7
37.Nc4 Ne5 38.Nb2 Bb7 39.h3 g5 40.Kf2 Kd7 41.Ke3 Ng6 42.Nd3 h6 43.Kd4 h5
44.Ne2 h4 45.gxh4 Nxh4 46.Ng3 Kc7 47.Nf2 Bc8 48.Nh5 Ng6 49.Nd3 Ne7 50.Nf6 Ng6
51.Nh5 Nh4 52.Nf2 Nf3+ 53.Ke3 Ne5 54.Kd4 f4 55.Nf6 Bf5 56.b5 axb5 57.axb5 Nf3+
58.Kc4 Ng1 59.Ne8+ Kb6 60.Nxd6 Nxh3 61.Nxf5 Nxf2 62.d6 Ne4 63.Kd3 Nf6 64.Nd4 g4
65.d7 Nxd7 66.Ke4 g3 67.Kxf4 g2 68.Ne2 Kxb5  1/2-1/2